| 000 | 00723nam a2200229 i 4500 | ||
|---|---|---|---|
| 001 | C2-0241841 | ||
| 003 | PPAK | ||
| 005 | 20180727204046.0 | ||
| 008 | 020818s1994 my |||| ||||| | may d | ||
| 040 |
_aPPAK _beng _cPPAK _erda |
||
| 082 | 0 | 4 |
_a370.5 _223 |
| 090 | 0 | 0 |
_a370.5 _bJUR _dKAM |
| 245 | 0 | 0 |
_aJurnal Pendidikan : _bKementerian Pendidikan Malaysia |
| 264 | 1 |
_aKuala Lumpur : _bJemaah Nazir Sekolah Persekutuan Kementerian Pendidikan Malaysia , _c1994 |
|
| 300 |
_aiii, 70 pages ; _c26 cm |
||
| 336 |
_2rdacontent _atext |
||
| 337 |
_2rdamedia _aunmediated |
||
| 338 |
_2rdacarrier _avolume |
||
| 500 | _aHuraian berdasarkan Jil. 38, keluaran 80 & 81 1994. | ||
| 650 | 1 | 0 | _aEducational publishing |
| 942 |
_ddc _cB |
||
| 999 |
_c56738 _d56738 |
||